00343nam a2200133Ia 4500008004100000020001800041041000800059082002100067100002200088245003900110250000600149260004100155300001300196210716s2018 xx 000 0 und d a9788126559480 aeng a658.4038011 LING aLinoff, Gordon S. aData analysis using sql and excel. a1 aNew DelhibWiley India Pvt Ltdc2018 axlvi,744